000
00244nam a2200109Ia 4500
008
220216s9999 xx 000 0 und d
100
_a
Howe Bill
245
0
_a
Latex dip-moulding
260
_b
Rubber Asia
_c
2009
300
_a
57-63
942
_c
JS
999
_c
62011
_d
62011